Normal view
MARC view
- Orlando Melo, Jorge
Entry Nombre Personal
001 - NUMERO DE CONTROL
- campo de control: 59276
003 - IDENTIFICADOR DE NUMERO DE CONTROL
- campo de control: MX-MxUPN
005 - FECHA Y HORA DE LA ÜLTIMA TRANSACCIÓN
- campo de control: 20260416111050.0
008 - DATOS DE LONGITUD FIJA
- campo de control de longitud fija: 260416|n ac|nnaabn | aaa d
040 ## - FUENTE DE CATALOGACIÓN
- Agencia original de catalogación: MX-MxUPN
- Lenguaje de catalogación: spa
100 1# - ENCABEZAMIENTO - NOMBRE PERSONAL
- Nombre personal: Orlando Melo, Jorge
670 ## - FUENTE EN LA QUE SE LOCALIZARON DATOS
- Cita de la fuente: La educación en Colombia: 1918 – 1957. Una historia social, económica y política, 2022:
- Información localizada: página legal (Jorge Orlando Melo)
- Uniform Resource Identifier: http://hdl.handle.net/20.500.12209/17120
680 ## - NOTA PUBLICA DE ACCESO PÚBLICO
- Frase explicativa de la referencia: Traductor
902 ## - CATALOGADOR
- Catalogador: JohanaAllegre/160426
